| 000 | 00561nam a2200205Ia 4500 | ||
|---|---|---|---|
| 005 | 20250923144730.0 | ||
| 008 | 008 250917s9999 xx 000 0 eng d | ||
| 037 | _aTextual | ||
| 040 |
_aDSWL _beng _cDSWL |
||
| 041 |
_aeng _2eng |
||
| 084 |
_aXN51, N60 _qDSWL |
||
| 100 |
_aBehn, Meera _9827836 |
||
| 245 | 0 |
_aSpirity pilgrimage _cby Meera Behn |
|
| 260 |
_aLondon _bLondon Longman & Green & co. Ltd. _c1960 |
||
| 300 | _a318p. | ||
| 365 |
_aINR _b15 |
||
| 925 | _g15 | ||
| 942 |
_cTEXL _hXN51, N60 |
||
| 999 |
_c1442628 _d1442628 |
||